Manual de semiconductores de silicio /

Guardado en:
Autor Corporativo: Texas Instruments.
Formato: Libro
Idioma:Spanish
Publicado: Buenos Aires : Emede, c1982.
Materias:
Etiquetas: Agregar Etiqueta
Sin Etiquetas, Sea el primero en etiquetar este registro!
LEADER 00531nam a22001575a 4500
001 EIQ.libpla003965
008 080417s1982####ag#a##########000#0#spa#d
005 20080417153855.0
245 1 0 |a Manual de semiconductores de silicio /  |c Texas instruments. 
260 |a Buenos Aires :  |b Emede,  |c c1982. 
300 |a 349 p. :  |b il. ;  |c 24 cm. 
650 4 |a Electrónica  |x Semiconductores. 
650 4 |a Electrónics  |x Semiconductors. 
040 |a AR-BbSID  |b spa  |c AR-BbSID 
110 2 |a Texas Instruments. 
859 |a AR-BbSID  |b BIB. PLAPIQUI  |h 621.381 71  |i T 22  |p 3746